[Event "Blumenthal Johann Memorial op"]
[Site "Blumenthal"]
[Date "2025.05.03"]
[Round "4"]
[White "Richter, Michael"]
[Black "Tschernatsch, Johannes"]
[Result "1/2-1/2"]
[WhiteElo "2379"]
[BlackElo "2338"]
[PlyCount "88"]
[EventDate "2025.05.02"]
[EventType "swiss"]
[EventRounds "5"]
[EventCountry "GER"]
[SourceTitle "CB19_2025"]
[SourceDate "2025.05.07"]
[SourceVersion "1"]
[SourceVersionDate "2025.05.07"]
[SourceQuality "1"]

1. d4 Nf6 2. c4 g6 3. Nc3 d5 4. Bf4 Bg7 5. e3 0-0 6. cxd5 Nxd5 7. Nxd5 Qxd5 8. Bxc7 Na6 9. Bxa6 Qxg2 10. Qf3 Qxf3 11. Nxf3 bxa6 12. Rc1 f6 13. Rc5 Rf7 14. Nd2 Bb7 15. 0-0 e5 16. dxe5 fxe5 17. Bxe5 Rd8 18. Bxg7 Rxd2 19. Bd4 Rf5 20. Rxf5 gxf5 21. Bc3 Rd3 22. h4 Bf3 23. Kh2 Rd1 24. Rxd1 Bxd1 25. Kg3 Kf7 26. Kf4 Kg6 27. Bd4 a5 28. Bxa7 a4 29. Bc5 Bc2 30. Ke5 Kh5 31. Be7 Kg4 32. Kd4 Kf3 33. Kc3 Bd1 34. b4 axb3 35. axb3 Kxf2 36. Bg5 Kf3 37. b4 Ke4 38. Kc4 Ke5 39. Kc5 Ke6 40. b5 Kd7 41. Kb6 Be2 42. Bf4 h5 43. Ka5 Kc8 44. Kb6 Bf3 1/2-1/2

[Event "Blumenthal Johann Memorial op"]
[Site "Blumenthal"]
[Date "2025.05.02"]
[Round "2"]
[White "Richter, Michael"]
[Black "Haubold, Sebastian Marcel"]
[Result "1-0"]
[WhiteElo "2379"]
[BlackElo "2172"]
[PlyCount "85"]
[EventDate "2025.05.02"]
[EventType "swiss"]
[EventRounds "5"]
[EventCountry "GER"]
[SourceTitle "CB19_2025"]
[SourceDate "2025.05.07"]
[SourceVersion "1"]
[SourceVersionDate "2025.05.07"]
[SourceQuality "1"]

1. d4 Nf6 2. c4 g6 3. Nc3 Bg7 4. e4 d6 5. Be2 0-0 6. Be3 e5 7. d5 Na6 8. g4 Nc5 9. f3 a5 10. h4 c6 11. h5 cxd5 12. cxd5 Bd7 13. Qd2 a4 14. Nh3 b5 15. Bxb5 Bxb5 16. Nxb5 Qb6 17. Na3 Rfc8 18. h6 Bf8 19. 0-0 Rab8 20. Rab1 Nfd7 21. Nf2 Qa6 22. Rfc1 Be7 23. Rc2 Kh8 24. Rbc1 f5 25. Nc4 fxe4 26. Nxe4 Nxe4 27. fxe4 Nf6 28. Qd3 Qb7 29. Rg2 Qd7 30. Rcc2 a3 31. b3 Rf8 32. Nb6 Qd8 33. Rc6 Ng8 34. g5 Qe8 35. Rcc2 Qd8 36. Nc4 Qd7 37. Qe2 Rf7 38. Qg4 Qb5 39. Rgf2 Rbf8 40. Rxf7 Rxf7 41. Qe6 Rf3 42. Kg2 Rxe3 43. Qf7 1-0

[Event "Berlin-ch"]
[Site "Berlin"]
[Date "2025.04.20"]
[Round "2"]
[White "Richter, Michael"]
[Black "Yatskar, Martin"]
[Result "0-1"]
[WhiteElo "2402"]
[BlackElo "2169"]
[PlyCount "142"]
[EventDate "2025.04.19"]
[EventType "swiss"]
[EventRounds "9"]
[EventCountry "GER"]
[SourceTitle "CB18_2025"]
[SourceDate "2025.04.30"]
[SourceVersion "1"]
[SourceVersionDate "2025.04.30"]
[SourceQuality "1"]

1. c4 e6 2. Nf3 d5 3. d4 c5 4. cxd5 exd5 5. Nc3 Nf6 6. Bg5 Be6 7. e3 c4 8. Bxf6 Qxf6 9. g3 Nc6 10. Bg2 Bb4 11. 0-0 0-0 12. Kh1 Rfd8 13. Ng1 Ne7 14. Nge2 g5 15. f4 g4 16. Qa4 Bxc3 17. Nxc3 Nf5 18. Rae1 h5 19. e4 dxe4 20. Rxe4 Rxd4 21. Rxd4 Qxd4 22. Qb5 Rd8 23. Be4 a6 24. Qe5 Qxe5 25. fxe5 Ne7 26. Bxb7 Rb8 27. Bxa6 Rxb2 28. Rc1 Nc6 29. Nd1 Bd5+ 30. Kg1 Rg2+ 31. Kf1 Nxe5 32. Bxc4 Nxc4 33. Rxc4 Rxh2 34. Rc8+ Kg7 35. Nf2 h4 36. Rc3 h3 37. Rc5 Rxf2+ 38. Kxf2 h2 39. Rxd5 h1Q 40. Rg5+ Kh6 41. Rxg4 Qh2+ 42. Kf3 Qxa2 43. Rh4+ Kg6 44. Rg4+ Kf5 45. Rf4+ Ke5 46. Re4+ Kd5 47. Rf4 Qb3+ 48. Kg4 Ke5 49. Rf5+ Ke6 50. Rf4 Qd1+ 51. Kh4 f5 52. g4 fxg4 53. Rxg4 Kf5 54. Rg2 Qe1+ 55. Kh3 Qe3+ 56. Kh4 Qh6+ 57. Kg3 Qf4+ 58. Kh3 Qf3+ 59. Kh2 Kf4 60. Kg1 Qd1+ 61. Kh2 Qe1 62. Ra2 Qe5 63. Kg1 Qc5+ 64. Kh2 Kf3 65. Rg2 Qd6+ 66. Kh1 Qh6+ 67. Kg1 Qh4 68. Rg8 Qe1+ 69. Kh2 Qd2+ 70. Kg1 Qc1+ 71. Kh2 Qc2+ 0-1

[Event "Noisiel op 10th"]
[Site "Noisiel"]
[Date "2025.04.14"]
[Round "6"]
[White "Eden, James"]
[Black "Richter, Michael"]
[Result "0-1"]
[WhiteElo "2257"]
[BlackElo "2402"]
[PlyCount "64"]
[EventDate "2025.04.12"]
[EventType "swiss"]
[EventRounds "9"]
[EventCountry "FRA"]
[SourceTitle "CB17_2025"]
[SourceDate "2025.04.23"]
[SourceVersion "1"]
[SourceVersionDate "2025.04.23"]
[SourceQuality "1"]

1. e4 c6 2. d4 d5 3. Nd2 dxe4 4. Nxe4 Nf6 5. Nxf6+ exf6 6. c3 Bd6 7. Bd3 0-0 8. Qc2 Re8+ 9. Ne2 h5 10. 0-0 h4 11. h3 Nd7 12. Bd2 Nf8 13. Rae1 g6 14. f4 f5 15. Kh1 Be6 16. c4 Nh7 17. Bc3 Nf6 18. d5 cxd5 19. c5 Bf8 20. b4 Ne4 21. Bxe4 dxe4 22. Rd1 Qe7 23. Qb2 Bc4 24. Rfe1 Rad8 25. Nd4 e3 26. Nf3 Rxd1 27. Rxd1 e2 28. Re1 Qe3 29. Be5 Bh6 30. Qc2 Qd3 31. Qb2 Bd5 32. Ng1 Bxg2+ 0-1

[Event "Noisiel op 10th"]
[Site "Noisiel"]
[Date "2025.04.12"]
[Round "1"]
[White "Richter, Michael"]
[Black "Toulzac, Pierre Yves"]
[Result "1-0"]
[WhiteElo "2402"]
[BlackElo "2114"]
[PlyCount "89"]
[EventDate "2025.04.12"]
[EventType "swiss"]
[EventRounds "9"]
[EventCountry "FRA"]
[SourceTitle "CB17_2025"]
[SourceDate "2025.04.23"]
[SourceVersion "1"]
[SourceVersionDate "2025.04.23"]
[SourceQuality "1"]

1. d4 Nf6 2. c4 g6 3. Nc3 Bg7 4. e4 d6 5. Be2 0-0 6. Be3 e5 7. d5 Na6 8. g4 Nc5 9. f3 a5 10. h4 Nfd7 11. h5 g5 12. h6 Bf6 13. b3 Be7 14. Rb1 Kh8 15. a3 b6 16. b4 axb4 17. axb4 Na6 18. Bd3 Rg8 19. Rh2 Qf8 20. Ra1 Rb8 21. Ra4 Rg6 22. Qa1 Nxb4 23. Rxb4 Nc5 24. Bf1 Bd7 25. Rbb2 Rxh6 26. Rxh6 Qxh6 27. Nb5 Nxe4 28. fxe4 Qh4+ 29. Bf2 Qxg4 30. Nc3 f5 31. Bh3 Qf4 32. Nge2 Qf3 33. Bxf5 Bxf5 34. exf5 Rf8 35. Qc1 Rxf5 36. Ng3 Rf4 37. Qe3 Qg4 38. Qe2 Rf3 39. Nce4 h5 40. Nd2 Rxg3 41. Bxg3 Qxg3+ 42. Qf2 Qc3 43. Rb3 Qc1+ 44. Ke2 g4 45. Qf7 1-0

[Event "Berlin Werner Ott op"]
[Site "Berlin"]
[Date "2024.07.27"]
[Round "8"]
[White "Richter, Michael"]
[Black "Noetzel, Felix"]
[Result "1-0"]
[WhiteElo "2428"]
[BlackElo "2163"]
[PlyCount "177"]
[EventDate "2024.07.20"]
[EventType "swiss"]
[EventRounds "9"]
[EventCountry "GER"]
[SourceTitle "CBM 221 Extra"]
[Source "ChessBase"]
[SourceDate "2024.09.30"]
[SourceVersion "1"]
[SourceVersionDate "2024.09.30"]
[SourceQuality "1"]

1. d4 d5 2. c4 c6 3. Nf3 Nf6 4. Qc2 e6 5. Nbd2 Nbd7 6. g3 Bd6 7. Bg2 0-0 8. 0-0 Qe7 9. e4 dxe4 10. Nxe4 Nxe4 11. Qxe4 e5 12. Re1 f5 13. Qc2 e4 14. Ng5 c5 15. d5 Ne5 16. Nh3 Bd7 17. Bd2 Rae8 18. Re2 h6 19. Kh1 Qf7 20. Bf4 g5 21. Bxe5 Bxe5 22. Ng1 g4 23. Ree1 Bd4 24. Rf1 f4 25. gxf4 Bf5 26. Ne2 Bxf2 27. Qc3 e3 28. d6 Be4 29. Bxe4 Rxe4 30. Qd3 Ree8 31. Rad1 Qf5 32. Qd5+ Kh8 33. d7 Rd8 34. Qe5+ Kg8 35. Rd6 Qxe5 36. fxe5 Rf5 37. e6 Kf8 38. Rd5 Rf6 39. Rxc5 Rxe6 40. Rd1 Ke7 41. Rcd5 Rc6 42. R1d4 Rc7 43. Rxg4 Rdxd7 44. Nc3 Ke6 45. Re4+ Kf6 46. Kg2 Rg7+ 47. Kf3 Kg6 48. Rd6+ Kh7 49. Nd5 Rgf7+ 50. Ke2 Rc6 51. Rxc6 bxc6 52. Nxe3 Bg1 53. h4 Rf2+ 54. Kd3 Rxb2 55. Re7+ Kg6 56. Re6+ Kh5 57. Nf5 Bf2 58. Rxc6 Rxa2 59. Rxh6+ Kg4 60. Ne3+ Kh3 61. Nd5 Bxh4 62. c5 Kg4 63. c6 Bd8 64. Rh8 Ba5 65. Ra8 Rd2+ 66. Ke4 Kg5 67. Rxa7 Bd8 68. Rg7+ Kh6 69. Rd7 Ba5 70. Ra7 Rc2 71. Ra6 Kg7 72. Kd3 Rc1 73. Ne3 Kf7 74. Nc4 Bd8 75. Kd4 Ke6 76. Ra8 Ke7 77. Kc5 Bc7 78. Rh8 Bg3 79. Rh7+ Kd8 80. Kb5 Bc7 81. Rh8+ Ke7 82. Ne3 Rb1+ 83. Kc4 Rc1+ 84. Kd5 Bf4 85. Nf5+ Kf6 86. Rf8+ Kg5 87. Nd4 Be3 88. Ne6+ Kg6 89. c7 1-0